Gruffalo Franchise - Statistics

General Stats
  • This quiz has been taken 24 times
  • The average score is 4 of 5
Answer Stats
Type Year Name Info % Correct
Children's Book 1999 The Gruffalo Julia Donaldson
100%
TV Short 2009 The Gruffalo BBC One
100%
Children's Book 2004 The Gruffalo's Child Julia Donaldson
82%
TV Short 2011 The Gruffalo's Child BBC One
82%
Theme Park Attraction 2017-Present The Gruffalo River Ride Adventure Chessington World of Adventures
6%
No matching quizzes found
Score Distribution
Percent of People with Each Score
Percentile by Number Answered
Your Score History
You have not taken this quiz